Culture Générale - Série 1970 - Statistiques

Statistiques générales
  • Ce quiz a été pris 106 fois
  • Le résultat moyen est 5 sur 10
Statistiques - réponses
Question Réponse % Correct
Sous quel nom connaissait-on mieux Vladimir Ilitch Oulianov (1870-1924) ? Lénine
88%
Quel fruit est la "duchesse" ? poire
78%
De quel pays Tegucigalpa est-elle la capitale ? Honduras
73%
Dans la mythologie grecque, quel est le dieu de l'Amour ? Eros
69%
Qui est l'auteur du recueil de poèmes ''Les Contemplations'' ? Victor Hugo
54%
Lors de de la Seconde Guerre mondiale, les Soviétiques utilisaient un lance-roquettes appelé "Katioucha", que les Allemands avaient surnommé "orgue de ... Staline
53%
Qui a peint le plafond de la grande salle de l'Opéra Garnier, à Paris, en 1964 ? voir photo Marc Chagall
43%
C'est son symbole : Ω ohm
39%
Quelle rivière rejoint la Loire à Nantes ? erdre
14%
Volonté de principe qui en général n'est pas suivie d'effet. velléité
9%
Aucun quiz correspondant
Distribution des résultats
% des personnes avec chaque résultat
Percentile par nombre de réponses
Votre historique - résultats
Vous n’avez pas pris ce quiz